| 000 | 00556nam a2200217Ia 4500 | ||
|---|---|---|---|
| 005 | 20260429112216.0 | ||
| 008 | 260429s9999||||xx |||||||||||||| ||und|| | ||
| 020 | _a9789357511070 | ||
| 041 | _aEnglish | ||
| 082 |
_a004.6782 _bBUT |
||
| 100 | _aButler, Amroo | ||
| 245 | 0 |
_aCloud computing / _cAmroo Butler |
|
| 250 | _a1st ed. | ||
| 260 |
_aNew Delhi : _bRandom Publications, _c2024. |
||
| 300 | _aix, 228 p.; hb | ||
| 650 | _a Cloud computing | ||
| 650 | _a Communications | ||
| 650 | _a Internet | ||
| 650 | _aComputer science | ||
| 942 | _cTB | ||
| 999 |
_c52905 _d52905 |
||